000 00562nam a2200193Ia 4500
003 GCL
008 140319s9999 xx 000 0 ara d
040 _aGCL /
_cGCL
082 0 4 _a811.9
_bا ط
100 1 _aابوالعرب ابواليزيد
245 1 0 _aطراطيش كلام: شعر شعبى /
_cابوالعرب ابواليزيد
300 _a66 ص
490 _aكتاب
_v0
650 0 4 _aالادب العربى
650 0 4 _aالادب
650 0 4 _aالشعر
650 0 4 _aالشعر العربى - العصر الحديث
942 _2ddc
_cBK
999 _c40860
_d40860